| 000 | 00868 a2200205 4500 | ||
|---|---|---|---|
| 003 | Nust | ||
| 005 | 20221124114826.0 | ||
| 010 | _a 76155292 | ||
| 020 | _a0871501171 | ||
| 040 | _cNust | ||
| 082 | 0 | 0 | _a516, SWO |
| 100 | 1 |
_aSwokowski, Earl William, _950827 |
|
| 245 | 1 | 0 |
_aElementary functions with coordinate geometry: _cEarl W. Swokowski. |
| 260 |
_aBoston, _bPrindle, Weber & Schmidt _c[1971] |
||
| 300 |
_aix, 371 p. _billus. (part col.) _c24 cm. |
||
| 505 | _aFunctions (Page-1),Polynomials (Page-55), Additional Topics on Functions (Page-87), Exponential and Logarithmic Functions (Page-103), The Trigonometric Functions (Page-135), Analytic Trigonometry (Page-185), Coordinate Geometry in Two Dimensions (Page-244), Coordinate Geometry in Three Dimensions (Page-299). | ||
| 650 | 0 |
_aFunctions. _911020 |
|
| 650 | 0 | _aGeometry, Analytic. | |
| 942 |
_2ddc _cBK |
||
| 999 |
_c181017 _d181017 |
||